Central Michigan University Fraternities and Sororities Quiz Stats

 Plays Quiz not verified by Sporcle

Challenge
Share
Tweet
Embed
Score 0/22 Timer 10:00
0 Plays Today
Answer % Correct
Sigma Alpha Epsilon
90.9%
Sigma Chi
90.9%
Beta Theta Pi
86.4%
Kappa Sigma
86.4%
Chi Phi
86.4%
Sigma Pi
86.4%
Tau Kappa Epsilon
86.4%
Alpha Chi Omega
86.4%
Sigma Kappa
86.4%
Alpha Sigma Phi
81.8%
Phi Delta Theta
81.8%
Answer % Correct
Delta Zeta
81.8%
Phi Mu
81.8%
Pi Kappa Phi
77.3%
Sigma Tau Gamma
77.3%
Alpha Gamma Delta
77.3%
Alpha Sigma Alpha
77.3%
Alpha Sigma Tau
77.3%
Zeta Tau Alpha
77.3%
Sigma Sigma Sigma
72.7%
Delta Phi Epsilon
68.2%
Phi Sigma Sigma
68.2%

You're not logged in!

Compare scores with friends on all Sporcle quizzes.
Join for Free
OR
Log In

You Might Also Like...

Show Comments

Extras

Top Quizzes Today


Score Distribution

Your Account Isn't Verified!

In order to create a playlist on Sporcle, you need to verify the email address you used during registration. Go to your Sporcle Settings to finish the process.

Report this User

Report this user for behavior that violates our Community Guidelines.

Details: